000 00519nam a22001697a 4500
005 20231114070434.0
008 231114b |||||||| |||| 00| 0 eng d
020 _a0702112577
041 _aEnglish
082 _a345 SOU
100 _aLandsdown, AV
_lEnglish
245 _aSouth African Criminal Law and Procedure /
_cAV Landsdown
260 _aCape Town :
_bJuta and Company Ltd,
_c1982
300 _bcxxvi, 966 pages ;
_c26 cm.
650 _aLegal practice
_bLaw
942 _cBK
_6ALISON_BN_VRIES
999 _c598
_d598